Learning Maya 5 (Record no. 3614)

MARC details
000 -LEADER
fixed length control field 00915cam a22003017a 4500
001 - CONTROL NUMBER
control field 13287362
003 - CONTROL NUMBER IDENTIFIER
control field 20170104160752.0
005 - DATE AND TIME OF LATEST TRANSACTION
control field 20240606080918.0
008 - FIXED-LENGTH DATA ELEMENTS--GENERAL INFORMATION
fixed length control field 020730s2002 caua 001 0 eng d
020 ## - INTERNATIONAL STANDARD BOOK NUMBER
International Standard Book Number 1894893344
035 ## - SYSTEM CONTROL NUMBER
System control number (OCoLC)ocm50263133
040 ## - CATALOGING SOURCE
Original cataloging agency GZM
Transcribing agency GZM
Modifying agency OCLCQ
-- VPL
-- DLC
042 ## - AUTHENTICATION CODE
Authentication code lccopycat
050 00 - LIBRARY OF CONGRESS CALL NUMBER
Classification number T385
Item number .A3583685 2002
082 00 - DEWEY DECIMAL CLASSIFICATION NUMBER
Classification number 006.6/869
Edition information 22
100 ## - MAIN ENTRY--PERSONAL NAME
Personal name Andrade Roark
245 00 - TITLE STATEMENT
Title Learning Maya 5
260 ## - PUBLICATION, DISTRIBUTION, ETC.
Place of publication, distribution, etc. USA :
Name of publisher, distributor, etc. Maya Pree,
Date of publication, distribution, etc. 2002.
300 ## - PHYSICAL DESCRIPTION
Extent ix, 581 p. :
Other physical details ill. (some col.) ;
Dimensions 23 cm. +
Accompanying material 1 computer optical disc (4 3/4 in.)
440 #0 - SERIES STATEMENT/ADDED ENTRY--TITLE
Title Classroom in a book
500 ## - GENERAL NOTE
General note Includes index.
630 00 - SUBJECT ADDED ENTRY--UNIFORM TITLE
Uniform title Adobe Photoshop.
650 #0 - SUBJECT ADDED ENTRY--TOPICAL TERM
Topical term or geographic name entry element Computer graphics.
710 2# - ADDED ENTRY--CORPORATE NAME
Corporate name or jurisdiction name as entry element Adobe Systems.
906 ## - LOCAL DATA ELEMENT F, LDF (RLIN)
a 7
b cbc
c copycat
d 3
e ncip
f 20
g y-gencatlg
942 ## - ADDED ENTRY ELEMENTS (KOHA)
Source of classification or shelving scheme Library of Congress Classification
Koha item type Books
Holdings
Withdrawn status Lost status Source of classification or shelving scheme Damaged status Not for loan Home library Current library Date acquired Total checkouts Full call number Barcode Date last seen Price effective from Koha item type Shelving location Source of acquisition
    Library of Congress Classification     Murang'a University of Technology Library Murang'a University of Technology Library 12/01/2017   T385 .A385 2002 003791 30/08/2024 12/01/2017 Books    
    Library of Congress Classification     Murang'a University of Technology Library Murang'a University of Technology Library 09/11/2017   T385 .A3583685 2002 012987 30/08/2024 09/11/2017 Books General stacks Donation-TFC